000 01350cam a22002891ia4500
003 SA-RiAUC
005 20241031133955.0
008 240918s2004 su g 00000 ara c
040 _aSA-RiAUC
_bara
_cSA-RiAUC
_erda
050 4 _bD36 2004
082 0 4 _a251
090 _a251
_bد م ي
100 1 _aالدميري، محمد بن موسى بن عيسى،
_d742-808 هجري
_eمؤلف.
245 1 2 _aالنجم الوهاج في شرح المنهاج /
_cكمال الدين أبو البقاء محمد بن موسى بن عيسى الدميري ؛ تحقيق صلاح الدين محمد مأمون الحمصي [ومجموعة آخرون]
246 3 0 _aشرح المنهاج
250 _aالطبعة الأولى.
264 1 _aجدة، السعودية :
_bدار المنهاج،
_c2004
300 _a10 مجلد ؛
_c24 سم
336 _aنص
_btxt
_2rdacontent
_3كتاب
337 _aبدون وسيط
_bn
_2rdamedia
338 _aمجلد
_bnc
_2rdacarrier
650 7 _aالفقه الشافعي
_2aucsh
700 1 _aالحمصي، صلاح الدين محمد مأمون
_eمحقق.
700 1 2 _iشرح لـ (عمل) :
_aالنووي، يحيى بن شرف بن مري،
_d631-676 هجري.
_tمنهاج الطالبين وعمدة المفتين
942 _2ddc
_cBOOK
949 _aSA-JeALM
_d240918
_umohamedma123
_n1
999 _c436
_d436